Study on the management and restoration forest resource in samaky community forestry trapeang prey commune, anlongveng district, odarmeanchey province; ការគ្រប់គ្រង និងការស្តារឡើងវិញនូវធនធានព្រៃឈើសហគមន៍សាមគ្គី ឃុំត្រពាំងប្រីយ៍ ស្រុកអន្លង់វែង ខេត្តឧត្តរមានជ័យ (Record no. 10709)
[ view plain ]
| 000 -LEADER | |
|---|---|
| fixed length control field | 00858nam a22001577a 4500 |
| 003 - CONTROL NUMBER IDENTIFIER | |
| control field | OSt |
| 005 - DATE AND TIME OF LATEST TRANSACTION | |
| control field | 20161103144941.0 |
| 008 - FIXED-LENGTH DATA ELEMENTS--GENERAL INFORMATION | |
| fixed length control field | 161103b xxu||||| |||| 00| 0 eng d |
| 040 ## - CATALOGING SOURCE | |
| Transcribing agency | RUA |
| 082 ## - DEWEY DECIMAL CLASSIFICATION NUMBER | |
| Classification number | FOR BUO 2015 B524 Or. |
| 100 ## - MAIN ENTRY--PERSONAL NAME | |
| 9 (RLIN) | 11132 |
| Personal name | BOUR VUTHY; ប៊ួរ វុឌ្ឃី |
| 245 ## - TITLE STATEMENT | |
| Title | Study on the management and restoration forest resource in samaky community forestry trapeang prey commune, anlongveng district, odarmeanchey province; ការគ្រប់គ្រង និងការស្តារឡើងវិញនូវធនធានព្រៃឈើសហគមន៍សាមគ្គី ឃុំត្រពាំងប្រីយ៍ ស្រុកអន្លង់វែង ខេត្តឧត្តរមានជ័យ |
| 260 ## - PUBLICATION, DISTRIBUTION, ETC. (IMPRINT) | |
| Place of publication, distribution, etc. | Phnom Penh |
| Name of publisher, distributor, etc. | RUA |
| Date of publication, distribution, etc. | 2015 |
| 300 ## - PHYSICAL DESCRIPTION | |
| Extent | xi; 61p. |
| Other physical details | ill. |
| Dimensions | 29cm. |
| 942 ## - ADDED ENTRY ELEMENTS (KOHA) | |
| Source of classification or shelving scheme | |
| Koha item type | FOR |
| Price effective from | Date last seen | Permanent Location | Not for loan | Date acquired | Source of classification or shelving scheme | Koha item type | Barcode | Lost status | Damaged status | Shelving location | Withdrawn status | Current Location | Full call number |
|---|---|---|---|---|---|---|---|---|---|---|---|---|---|
| 2016-11-03 | 2016-11-03 | Library Block B | 2016-11-03 | FOR | A01516 | B524 | Library Block B | FOR BUO 2015 B524 Or.1 | |||||
| 2016-11-03 | 2016-11-03 | Library Block B | 2016-11-03 | FOR | A00760 | B524 | Library Block B | FOR BUO 2015 B524 Or.2 | |||||
| 2016-11-03 | 2016-11-03 | Library Block B | 2016-11-03 | FOR | A02358 | B524 | Library Block B | FOR BUO 2015 B524 Or.3 | |||||
| 2016-11-03 | 2016-11-03 | Library Block B | 2016-11-03 | FOR | A00129 | B524 | Library Block B | FOR BUO 2015 B524 Or.4 | |||||
| 2016-11-03 | 2016-11-03 | Library Block B | 2016-11-03 | FOR | A01121 | B524 | Library Block B | FOR BUO 2015 B524 Or.5 | |||||
| 2016-11-03 | 2016-11-03 | Library Block B | 2016-11-03 | FOR | A02078 | B524 | Library Block B | FOR BUO 2015 B524 Or.6 | |||||
| 2016-11-03 | 2016-11-03 | Library Block B | 2016-11-03 | FOR | A01349 | B524 | Library Block B | FOR BUO 2015 B524 Or.7 | |||||
| 2016-11-03 | 2016-11-03 | Library Block B | 2016-11-03 | FOR | A00164 | B524 | Library Block B | FOR BUO 2015 B524 Or.8 |